00000000nam 2200000zi 4500
0019.947529
003CaOODSP
00520250131141937
006m     o  d f      
007cr bn|||||||||
008250129e198106  oncd    ob   f000 0 eng d
040 |aCaOODSP|beng|erda|cCaOODSP
043 |an-cn---
0861 |aDR52-19/28-1981E-PDF
1001 |aCelentano, E. J., |eauthor.
24510|aDevelopment of occupational physical selection standards for Canadian Forces trades : |bperformance considerations / |cE.J. Celentano, I. Noy.
264 1|aDownsview, Ontario : |bDefence and Civil Institute of Environmental Medicine : |bDepartment of National Defence, Canada, |cJune 1981
300 |a1 online resource (20 pages) : |bgraphs.
336 |atext|btxt|2rdacontent
337 |acomputer|bc|2rdamedia
338 |aonline resource|bcr|2rdacarrier
4901 |aDCIEM report ; |vno. 82-R-29
500 |aDigitized edition from print [produced by Defence R&D Canada].
504 |aIncludes bibliographical references (pages 17-20).
61010|aCanada. |bCanadian Armed Forces|xPersonnel management.
61016|aCanada. |bForces armées canadiennes|xPersonnel|xDirection.
650 0|aOccupations|xStandards|zCanada.
650 6|aProfessions|xNormes|zCanada.
7102 |aDefence and Civil Institute of Environmental Medicine (Canada), |eissuing body.
7101 |aCanada. |bDepartment of National Defence, |eissuing body.
830#0|aDCIEM report ;|vno. 82-R-29.|w(CaOODSP)9.941842
85640|qPDF|s995 KB|uhttps://publications.gc.ca/collections/collection_2025/rddc-drdc/DR52-19-28-1981-eng.pdf